Prontuario de cuentas hechas para resolver en el acto, sin hacer cálculos, todas las operaciones de compra y venta. (Record no. 5613)

MARC details
000 -CABECERA
campo de control de longitud fija 00807nam a2200205 a 4500
001 - NÚMERO DE CONTROL
campo de control BRCA_5924
005 - FECHA Y HORA DE LA ÚLTIMA TRANSACCIÓN
campo de control 20190320205251.0
008 - DATOS DE LONGITUD FIJA--INFORMACIÓN GENERAL
campo de control de longitud fija 220311s19-?----mx-#######---#000-0#spa-#
041 ## - CÓDIGO DE LENGUA
Código de lengua del texto/banda sonora o título independiente spa
044 ## - CÓDIGO DEL PAÍS DE LA ENTIDAD EDITORA/PRODUCTORA
Código MARC del país mx
050 #4 - SIGNATURA TOPOGRÁFICA DE LA BIBLIOTECA DEL CONGRESO
Número de clasificación QA47
Número de documento/Ítem .P76
245 10 - MENCIÓN DE TÍTULO
Título Prontuario de cuentas hechas para resolver en el acto, sin hacer cálculos, todas las operaciones de compra y venta.
Resto del título Contiene ademas las tablas de equivalencias para convertir rapidamente sin ninguna operación las arrobas a kilos y viceversa, desde una a mil y desde un kilo a una tonelada, y un horario de trenes que salen y llegan a la Ciudad de México.
250 ## - MENCIÓN DE EDICIÓN
Mención de edición 41a. ed.
260 ## - PUBLICACIÓN, DISTRIBUCIÓN, ETC.
Lugar de publicación, distribución, etc. México
Nombre del editor, distribuidor, etc. M. S. Chavez.
Fecha de publicación, distribución, etc. 19-?
300 ## - DESCRIPCIÓN FÍSICA
Extensión 116 p.
Dimensiones 15 cm.
500 ## - NOTA GENERAL
Nota general H154
650 14 - PUNTO DE ACCESO ADICIONAL DE MATERIA--TÉRMINO DE MATERIA
Término de materia o nombre geográfico como elemento de entrada Matemáticas
Subdivisión de forma Tablas
9 (RLIN) 14972
902 ## - CATALOGADOR
Iniciales GFM
942 ## - ELEMENTOS DE PUNTO DE ACCESO ADICIONAL (KOHA)
Fuente del sistema de clasificación o colocación Library of Congress Classification
Tipo de ítem Koha Libros
Holdings
Estado de retiro Estado de pérdida Estado dañado No para préstamo Localización permanente Ubicación/localización actual Fecha de adquisición Número de inventario Total de préstamos Signatura topográfica completa Código de barras Fecha visto por última vez Precio válido a partir de Tipo de ítem Koha
El ejemplar forma parte de la colección y puede ser consultado según las políticas vigentes.       Biblioteca del Museo Franz Mayer (Rogerio Casas-Alatriste) Biblioteca del Museo Franz Mayer (Rogerio Casas-Alatriste) 22/03/2011 H154   QA47 .P76 (H154) 6363 22/03/2019 22/03/2019 Libros